[Event "SLO-chT1 West"]
[Site "Ljubljana"]
[Date "2015.11.06"]
[Round "4"]
[White "Skrinjar, Matic"]
[Black "Debevec, Blaz"]
[Result "1-0"]
[WhiteElo "2064"]
[BlackElo "2149"]
[PlyCount "131"]
[EventDate "2015.10.16"]
[EventType "team-tourn"]
[EventRounds "9"]
[EventCountry "SLO"]
[SourceTitle "EXT 2019"]
[Source "ChessBase"]
[SourceDate "2018.10.10"]
[SourceVersion "1"]
[SourceVersionDate "2018.10.10"]
[SourceQuality "1"]
[WhiteTeam "Nova Gorica"]
[BlackTeam "Komenda"]
[WhiteTeamCountry "SLO"]
[BlackTeamCountry "SLO"]

1. e4 c5 2. c3 Nf6 3. e5 Nd5 4. Bc4 Nb6 5. Bb3 c4 6. Bc2 Nc6 7. Nf3 d5 8. exd6 e6 9. 0-0 Bxd6 10. d4 Qc7 11. Qe2 Bd7 12. a4 Ne7 13. Nbd2 a5 14. Ne4 0-0-0 15. Nxd6+ Qxd6 16. Ne5 Rdf8 17. Bf4 Ned5 18. Bg3 Qe7 19. Nxc4 Nxc4 20. Qxc4+ Bc6 21. Rab1 h5 22. h3 h4 23. Bh2 Qg5 24. Be4 Ne3 25. fxe3 Qxe3+ 26. Rf2 Qxe4 27. Rbf1 Rh6 28. Qc5 Re8 29. Qxa5 Re7 30. Qa8+ Kd7 31. Qb8 e5 32. Bxe5 f5 33. Qc7+ Ke8 34. Qc8+ Kf7 35. Qxf5+ Qxf5 36. Rxf5+ Kg8 37. b3 Be4 38. Rf8+ Kh7 39. R1f2 b5 40. axb5 Ra7 41. R8f4 Ba8 42. Rb2 Ra1+ 43. Kf2 g5 44. Rf7+ Kg6 45. Rf6+ Kh5 46. Rxh6+ Kxh6 47. c4 g4 48. hxg4 Be4 49. c5 Kg5 50. c6 Kxg4 51. c7 Bb7 52. Rc2 Ra8 53. d5 Kf5 54. Bh2 Rg8 55. Ke3 Kf6 56. Kd4 Ke7 57. Kc5 Kd7 58. Kb6 Kc8 59. Rd2 Ba8 60. Ka7 h3 61. gxh3 Rg7 62. d6 Bc6 63. Rf2 Bb7 64. Rf8+ Kd7 65. Rd8+ Ke6 66. Kxb7 1-0

[Event "SLO-chT"]
[Site "Slovenia"]
[Date "2013.12.01"]
[Round "6"]
[White "Mohr, Georg"]
[Black "Skrinjar, Matic"]
[Result "1-0"]
[WhiteElo "2492"]
[BlackElo "2056"]
[PlyCount "63"]
[EventDate "2013.11.22"]
[EventType "team-tourn"]
[EventRounds "9"]
[EventCountry "SLO"]
[SourceTitle "EXT 2015"]
[Source "ChessBase"]
[SourceDate "2014.11.20"]
[SourceVersion "1"]
[SourceVersionDate "2014.11.20"]
[SourceQuality "1"]
[WhiteTeam "Maribor ZSK"]
[BlackTeam "Nova Gorica"]
[WhiteTeamCountry "SLO"]
[BlackTeamCountry "SLO"]

1. e4 e5 2. Nf3 Nc6 3. Nc3 Bb4 4. Nd5 Ba5 5. c3 d6 6. a4 Bb6 7. b4 a6 8. Nxb6 cxb6 9. Bc4 Bg4 10. d3 Qf6 11. Be3 Nge7 12. h3 Be6 13. Bxe6 fxe6 14. Bxb6 0-0 15. 0-0 Ng6 16. Be3 d5 17. b5 Nce7 18. Re1 h6 19. exd5 Nxd5 20. c4 Ndf4 21. Bxf4 Nxf4 22. Nxe5 Nxg2 23. Kxg2 Qxf2+ 24. Kh1 Rf4 25. Qe2 Qh4 26. Qg2 Qf6 27. Ng4 Qc3 28. Rad1 h5 29. Ne5 Raf8 30. Re2 R8f5 31. Rg1 g5 32. Ng6 1-0

[Event "SLO-chT 22th"]
[Site "Ljubljana"]
[Date "2012.12.09"]
[Round "9"]
[White "Skrinjar, Matic"]
[Black "Podkriznik, Gregor"]
[Result "0-1"]
[WhiteElo "2058"]
[BlackElo "2334"]
[PlyCount "94"]
[EventDate "2012.11.23"]
[EventType "team-tourn"]
[EventRounds "9"]
[EventCountry "SLO"]
[SourceTitle "CBM 151 Extra"]
[Source "ChessBase"]
[SourceDate "2012.12.18"]
[SourceVersion "1"]
[SourceVersionDate "2012.12.18"]
[SourceQuality "1"]
[WhiteTeam "Nova Gorica"]
[BlackTeam "Ptuj Tehcenter"]
[WhiteTeamCountry "SLO"]
[BlackTeamCountry "SLO"]

1. e4 g6 2. d4 Bg7 3. Be3 d6 4. Nc3 Nf6 5. h3 0-0 6. f4 c5 7. dxc5 Qa5 8. Qd2 dxc5 9. e5 Rd8 10. Bd3 c4 11. exf6 exf6 12. Nd5 Qxd5 13. Bxc4 Qxd2+ 14. Bxd2 Bf5 15. 0-0-0 Be4 16. Rh2 f5 17. Ne2 Nc6 18. Nc3 Rac8 19. Nxe4 fxe4 20. g4 e3 21. Bc3 Bxc3 22. bxc3 Rxd1+ 23. Kxd1 Ne7 24. Bb3 Rxc3 25. Ke2 Nc6 26. Rh1 Nd4+ 27. Kd1 b5 28. Kc1 a5 29. Kb2 b4 30. Kc1 Kg7 31. Kd1 Kf6 32. h4 h5 33. gxh5 gxh5 34. Re1 e2+ 35. Kc1 Kf5 36. Bxf7 Kxf4 37. Bxh5 Rxc2+ 38. Kb1 Ke3 39. Bxe2 Rxe2 40. Rxe2+ Kxe2 41. h5 Nf5 42. Kb2 a4 43. Kc2 Ke3 44. Kc1 Kd3 45. Kd1 Kc3 46. Kc1 b3 47. axb3 axb3 0-1

[Event "SLO-chT 22th"]
[Site "Ljubljana"]
[Date "2012.11.23"]
[Round "1"]
[White "Skrinjar, Matic"]
[Black "Buzeti, Jernej"]
[Result "1/2-1/2"]
[WhiteElo "2058"]
[BlackElo "2271"]
[PlyCount "80"]
[EventDate "2012.11.23"]
[EventType "team-tourn"]
[EventRounds "9"]
[EventCountry "SLO"]
[SourceTitle "CBM 151 Extra"]
[Source "ChessBase"]
[SourceDate "2012.12.18"]
[SourceVersion "1"]
[SourceVersionDate "2012.12.18"]
[SourceQuality "1"]
[WhiteTeam "Nova Gorica"]
[BlackTeam "Radenska Pomgrad"]
[WhiteTeamCountry "SLO"]
[BlackTeamCountry "SLO"]

1. e4 c5 2. c3 Nf6 3. e5 Nd5 4. d4 cxd4 5. cxd4 Nc6 6. Nf3 d6 7. Bc4 dxe5 8. Nxe5 e6 9. 0-0 Be7 10. Qf3 0-0 11. Rd1 Bf6 12. Nxc6 bxc6 13. Nc3 Qb6 14. Na4 Qb4 15. b3 Qe7 16. Nc5 g6 17. Bh6 Rd8 18. Ne4 Bh8 19. Bg5 f6 20. Bxd5 fxg5 21. Bxc6 Rb8 22. Qg3 Rb6 23. Rac1 Bxd4 24. Ba4 Bg7 25. Rxd8+ Qxd8 26. Qc7 Qxc7 27. Rxc7 Bb7 28. Nxg5 h6 29. Nf3 Bxf3 30. gxf3 a6 31. Bc6 Be5 32. Rc8+ Kg7 33. h3 Rb8 34. Bd7 Rxc8 35. Bxc8 a5 36. Bxe6 Kf6 37. Bc8 Kg5 38. Kf1 Kf4 39. Ke2 Bd6 40. Bb7 Bc5 1/2-1/2

[Event "SLO-chT Cup"]
[Site "Ljubljana"]
[Date "2012.09.15"]
[Round "3.34"]
[White "Skrinjar, Matic"]
[Black "Mestrovic, Zvonimir"]
[Result "0-1"]
[WhiteElo "2089"]
[BlackElo "2319"]
[PlyCount "72"]
[EventDate "2012.09.14"]
[EventType "team-swiss"]
[EventRounds "5"]
[EventCountry "SLO"]
[SourceTitle "EXT 2015"]
[Source "ChessBase"]
[SourceDate "2014.11.20"]
[SourceVersion "1"]
[SourceVersionDate "2014.11.20"]
[SourceQuality "1"]
[WhiteTeam "Nova Gorica"]
[BlackTeam "Triglav Krsko"]
[WhiteTeamCountry "SLO"]
[BlackTeamCountry "SLO"]

1. e4 Nc6 2. Nf3 d6 3. d4 Nf6 4. Nc3 Bg4 5. Be3 a6 6. a3 e5 7. Be2 Be7 8. d5 Nb8 9. 0-0 0-0 10. Nd2 Bc8 11. f4 exf4 12. Rxf4 Nfd7 13. Rf1 Bg5 14. Bd4 Ne5 15. Nf3 Nxf3+ 16. Bxf3 Nd7 17. Ne2 Bf6 18. c3 Ne5 19. Nf4 g6 20. Nd3 Qe7 21. Nxe5 Bxe5 22. Qd2 Bd7 23. Qh6 Rae8 24. g4 c5 25. dxc6 Bxc6 26. Rae1 Qe6 27. Kg2 Re7 28. Rf2 Rfe8 29. Qd2 Bf6 30. Rfe2 Bb5 31. Rf2 Bg7 32. Rd1 Ba4 33. Re1 Bc6 34. Rfe2 f5 35. exf5 Qxe2+ 36. Rxe2 Rxe2+ 0-1

[Event "SLO-chT U20"]
[Site "Koper"]
[Date "2012.08.31"]
[Round "5"]
[White "Skrinjar, Matic"]
[Black "Ivekovic, Bozidar1111"]
[Result "1-0"]
[WhiteElo "2089"]
[BlackElo "2200"]
[PlyCount "137"]
[EventDate "2012.08.28"]
[EventType "team-tourn"]
[EventRounds "7"]
[EventCountry "SLO"]
[SourceTitle "EXT 2022"]
[Source "ChessBase"]
[SourceDate "2021.10.06"]
[SourceVersion "1"]
[SourceVersionDate "2021.10.06"]
[SourceQuality "1"]

1. e4 c5 2. c3 Nf6 3. e5 Nd5 4. Bc4 Nb6 5. Bb3 e6 6. Nf3 d6 7. exd6 Bxd6 8. d4 cxd4 9. cxd4 Nc6 10. 0-0 Ne7 11. Bg5 Bd7 12. Nc3 Bc6 13. Qd3 Bc7 14. Rfe1 h6 15. Bh4 Nbd5 16. Nxd5 Bxd5 17. Ba4+ Kf8 18. Rac1 g5 19. Bg3 Bxg3 20. hxg3 Qa5 21. Bb3 Bxb3 22. Qxb3 b6 23. Ne5 Kg7 24. Nxf7 Rhf8 25. Nxh6 Kxh6 26. Rxe6+ Ng6 27. Rcc6 Qf5 28. Rxg6+ Qxg6 29. Rxg6+ Kxg6 30. Qe6+ Kg7 31. Qe7+ Kg6 32. Qe6+ Kg7 33. f4 gxf4 34. Qe5+ Kf7 35. gxf4 Rae8 36. Qd5+ Kf6 37. g4 Rg8 38. g5+ Kg6 39. Kf2 Kh5 40. Kf3 Rgf8 41. Qd7 Kg6 42. Qc6+ Kg7 43. Kg4 Re1 44. Qh6+ Kg8 45. Kg3 Rfe8 46. g6 R8e7 47. f5 Rf1 48. Kg4 Rg1+ 49. Kf4 Rf1+ 50. Kg5 Rg1+ 51. Kf6 Rc7 52. d5 Re1 53. Qh2 Rce7 54. Qb8+ Re8 55. Qb7 Rf8+ 56. Kg5 Rg1+ 57. Kf4 Rxg6 58. Qxa7 Rgf6 59. Ke4 Re8+ 60. Kd4 Rd8 61. Qe7 Rdf8 62. d6 Rxf5 63. d7 Rf1 64. Kd5 R1f4 65. Kc6 R4f6+ 66. Kb7 Rf1 67. Kxb6 R1f2 68. Qxf8+ Rxf8 69. Kc7 1-0

[Event "SLO-chT U20"]
[Site "Koper"]
[Date "2012.08.30"]
[Round "4"]
[White "Markoja, Boris"]
[Black "Skrinjar, Matic"]
[Result "1/2-1/2"]
[WhiteElo "2070"]
[BlackElo "2089"]
[PlyCount "33"]
[EventDate "2012.08.28"]
[EventType "team-tourn"]
[EventRounds "7"]
[EventCountry "SLO"]
[SourceTitle "EXT 2022"]
[Source "ChessBase"]
[SourceDate "2021.10.06"]
[SourceVersion "1"]
[SourceVersionDate "2021.10.06"]
[SourceQuality "1"]

1. e4 g6 2. d4 Bg7 3. Nc3 d6 4. Be3 c6 5. f4 Nf6 6. h3 b5 7. e5 Nbd7 8. Nf3 Bb7 9. Bd3 Qc7 10. 0-0 b4 11. Ne4 0-0 12. c3 bxc3 13. bxc3 Nb6 14. Qe2 Nfd7 15. Bd2 c5 16. e6 f5 17. exd7 1/2-1/2

[Event "SLO-chT U20"]
[Site "Koper"]
[Date "2012.08.29"]
[Round "2"]
[White "Bratkovic, Sham"]
[Black "Skrinjar, Matic"]
[Result "1-0"]
[WhiteElo "1906"]
[BlackElo "2089"]
[PlyCount "81"]
[EventDate "2012.08.28"]
[EventType "team-tourn"]
[EventRounds "7"]
[EventCountry "SLO"]
[SourceTitle "EXT 2022"]
[Source "ChessBase"]
[SourceDate "2021.10.06"]
[SourceVersion "1"]
[SourceVersionDate "2021.10.06"]
[SourceQuality "1"]

1. e4 e5 2. Nf3 Nc6 3. Bb5 a6 4. Ba4 Nf6 5. 0-0 b5 6. Bb3 Bc5 7. a4 Rb8 8. c3 d6 9. d4 Bb6 10. axb5 axb5 11. Qd3 0-0 12. Bg5 h6 13. Bxf6 Qxf6 14. Qxb5 Bd7 15. Bd5 Bg4 16. Bxc6 Bxf3 17. gxf3 Qxf3 18. Nd2 Qf6 19. Qd3 exd4 20. Nc4 dxc3 21. bxc3 Bc5 22. Ne3 Rb6 23. Nd5 Qg5+ 24. Qg3 Rb2 25. Qxg5 hxg5 26. Rab1 Re2 27. Kg2 f5 28. Ne7+ Kh7 29. Nxf5 Rc2 30. Rbc1 Rb2 31. Kg3 Rb6 32. Bd5 c6 33. Bc4 d5 34. Bd3 g6 35. Ne3 dxe4 36. Bxe4 Rf4 37. Bd3 Rb8 38. Rb1 Bb6 39. f3 Rh4 40. Ng4 Kg7 41. Rfe1 1-0

[Event "SLO-CupT"]
[Site "Slovenia"]
[Date "2011.09.04"]
[Round "5"]
[White "Skrinjar, Matic"]
[Black "Kavcic, Zan"]
[Result "1/2-1/2"]
[WhiteElo "2072"]
[BlackElo "2291"]
[PlyCount "49"]
[EventDate "2011.03.06"]
[EventType "team-swiss"]
[EventRounds "5"]
[EventCountry "SLO"]
[SourceTitle "EXT 2019"]
[Source "ChessBase"]
[SourceDate "2018.10.10"]
[SourceVersion "1"]
[SourceVersionDate "2018.10.10"]
[SourceQuality "1"]
[WhiteTeam "Nova Gorica"]
[BlackTeam "Vrhnika"]
[WhiteTeamCountry "SLO"]
[BlackTeamCountry "SLO"]

1. e4 c5 2. c3 Nf6 3. e5 Nd5 4. Bc4 Nb6 5. Bb3 d6 6. exd6 e6 7. Nf3 Bxd6 8. d4 0-0 9. 0-0 Nc6 10. Bc2 Nd7 11. Qd3 g6 12. Bg5 Be7 13. Bh6 Re8 14. Bb3 cxd4 15. cxd4 Nc5 16. Qe3 Nxb3 17. axb3 Bf6 18. Rd1 e5 19. d5 Nd4 20. Nxd4 exd4 21. Qf3 Re5 22. d6 Rf5 23. Qe4 Re5 24. Qf3 Rf5 25. Qe4 1/2-1/2

[Event "Ptuj op 6th"]
[Site "Ptuj"]
[Date "2011.08.17"]
[Round "8"]
[White "Jezidzic, Gordan"]
[Black "Skrinjar, Matic"]
[Result "1/2-1/2"]
[WhiteElo "2216"]
[BlackElo "2072"]
[PlyCount "113"]
[EventDate "2011.08.12"]
[EventType "swiss"]
[EventRounds "9"]
[EventCountry "SLO"]
[SourceTitle "CBM 143 Extra"]
[Source "ChessBase"]
[SourceDate "2011.08.29"]
[SourceVersion "1"]
[SourceVersionDate "2011.08.29"]
[SourceQuality "1"]

1. d4 Nf6 2. Bg5 g6 3. Nf3 Bg7 4. Nbd2 0-0 5. e3 d6 6. Be2 c6 7. 0-0 Qc7 8. c3 Nbd7 9. Qc2 e5 10. Rad1 Nh5 11. dxe5 dxe5 12. Ne4 Ndf6 13. Nfd2 h6 14. Bh4 g5 15. Nxf6+ Nxf6 16. Bg3 Nd5 17. Bc4 Bg4 18. Rde1 Kh8 19. f3 Bh5 20. e4 Bg6 21. Bxd5 cxd5 22. Qb3 Rad8 23. Rd1 dxe4 24. Nxe4 f5 25. Nd2 Rf6 26. Nc4 Rxd1 27. Rxd1 f4 28. Nxe5 Qxe5 29. Bf2 Qc7 30. h4 b6 31. hxg5 hxg5 32. Qd5 Rf5 33. Qe6 Qf7 34. Qc8+ Kh7 35. Rd7 Qe8 36. Rd8 Qe7 37. Rd7 Qe8 38. Rd8 Qf7 39. Rd7 Qg8 40. Rd8 Rf8 41. Qh3+ Bh6 42. Rd7+ Rf7 43. Rd6 Qe8 44. a4 Qe7 45. Rd5 Qb7 46. Qe6 Re7 47. Qf6 Re1+ 48. Bxe1 Qxd5 49. Bf2 Qf7 50. Qd8 Bf5 51. Bd4 Kg6 52. a5 bxa5 53. Qxa5 Qe6 54. Qxa7 Qe1+ 55. Kh2 g4 56. fxg4 Qg3+ 57. Kg1 1/2-1/2

[Event "Ptuj op 6th"]
[Site "Ptuj"]
[Date "2011.08.15"]
[Round "5"]
[White "Skrinjar, Matic"]
[Black "Gantar, Jan"]
[Result "1/2-1/2"]
[WhiteElo "2072"]
[BlackElo "2175"]
[PlyCount "45"]
[EventDate "2011.08.12"]
[EventType "swiss"]
[EventRounds "9"]
[EventCountry "SLO"]
[SourceTitle "CBM 143 Extra"]
[Source "ChessBase"]
[SourceDate "2011.08.29"]
[SourceVersion "1"]
[SourceVersionDate "2011.08.29"]
[SourceQuality "1"]

1. b3 d5 2. Bb2 Nf6 3. e3 Bg4 4. Be2 Bxe2 5. Qxe2 c6 6. f4 Nbd7 7. g4 e6 8. Nc3 Nc5 9. 0-0-0 Qa5 10. g5 Nfe4 11. Kb1 Na6 12. Nxe4 dxe4 13. Qc4 Qd5 14. Qxd5 cxd5 15. h4 h5 16. Ne2 Rg8 17. f5 Bd6 18. Rhf1 Nc7 19. Nf4 g6 20. fxe6 fxe6 21. Rf2 e5 22. Ne2 Rf8 23. Rdf1 1/2-1/2

[Event "Nova Gorica op-A 16th"]
[Site "Nova Gorica"]
[Date "2011.02.03"]
[Round "9"]
[White "Skrinjar, Matic"]
[Black "Laco, Giuseppe"]
[Result "1-0"]
[WhiteElo "2042"]
[BlackElo "2137"]
[PlyCount "79"]
[EventDate "2011.01.28"]
[EventType "swiss"]
[EventRounds "9"]
[EventCountry "SLO"]
[SourceTitle "CBM 140 Extra"]
[Source "ChessBase"]
[SourceDate "2011.03.01"]
[SourceVersion "1"]
[SourceVersionDate "2011.03.01"]
[SourceQuality "1"]

1. e4 c5 2. c3 d5 3. exd5 Qxd5 4. d4 Nc6 5. Nf3 e5 6. Nxe5 Nxe5 7. dxe5 Qxe5+ 8. Be3 Bd7 9. Bc4 0-0-0 10. Nd2 f5 11. Nf3 Qc7 12. Qb3 Be7 13. 0-0-0 Nf6 14. Ng5 Qa5 15. Rxd7 Nxd7 16. Nf7 Rhf8 17. Rd1 Nb6 18. Nxd8 Rxd8 19. Rxd8+ Bxd8 20. Bb5 a6 21. Be2 Nd7 22. Qf7 Qc7 23. Qxf5 g6 24. Qf7 Qxh2 25. Bg4 Qd6 26. Bxc5 Bg5+ 27. Be3 Bxe3+ 28. fxe3 Kd8 29. Qxd7+ Qxd7 30. Bxd7 Kxd7 31. e4 Ke6 32. Kd2 Ke5 33. Ke3 h5 34. a4 b5 35. axb5 axb5 36. b3 g5 37. c4 b4 38. c5 Ke6 39. Kd4 h4 40. Ke3 1-0

[Event "Nova Gorica op-A 16th"]
[Site "Nova Gorica"]
[Date "2011.01.28"]
[Round "1"]
[White "Skrinjar, Matic"]
[Black "Jarc, Jakob"]
[Result "1-0"]
[WhiteElo "2042"]
[BlackElo "1635"]
[PlyCount "49"]
[EventDate "2011.01.28"]
[EventType "swiss"]
[EventRounds "9"]
[EventCountry "SLO"]
[SourceTitle "CBM 140 Extra"]
[Source "ChessBase"]
[SourceDate "2011.03.01"]
[SourceVersion "1"]
[SourceVersionDate "2011.03.01"]
[SourceQuality "1"]

1. e4 d5 2. exd5 Qxd5 3. d4 Nf6 4. Nf3 Qa5+ 5. Nbd2 Bf5 6. Bc4 c6 7. 0-0 e6 8. Re1 Qc7 9. Nf1 Bd6 10. Ng3 Bg6 11. Ng5 0-0 12. Bb3 h6 13. Nh3 Nbd7 14. Qf3 Nb6 15. Bxh6 Nfd7 16. Bf4 Rfe8 17. Bxd6 Qxd6 18. Rad1 Nd5 19. c4 N5f6 20. Nf4 Bh7 21. h4 Kf8 22. Ngh5 Qc7 23. Nxg7 Kxg7 24. Qg3+ Kf8 25. Nxe6+ 1-0